00630nam a2200217Ia 4500003000400000005001700004008004100021020001800062040000700080041000800087082001300095100003500108245003100143260002000174300000900194650002200203700002700225942001300252999001900265952012800284OSt20251205123547.0250729s2005 xx 000 0 und d a9788183560252 cAL aeng a370 RAOI aRao Bhaskara Digumarti9225832 aIssues in school education aNew Delhic2005 a270p aEducation9225833 aRao Digumurthi9225834 2ddccBED c237090d237090 00104070aALbALd2025-07-29eSita Book Houseg195.00l0o370 RAOIpBED02409r2025-07-29 16:55:23v195.00w2025-07-29yBK